[Event "English Open Championship 2024"]
[Site "Holiday Inn, 212 Abbey End, Kenilworth CV8 1ED, United Kingdom"]
[Date "2024.06.22"]
[Round "5.31"]
[White "Mehrafarin, Amirabbas"]
[Black "Lishoy Gengis Paratazham, Dildarav"]
[Result "1/2-1/2"]
[TimeControl "G90 + 30secs/move"]
[WhiteFideId "12506966"]
[BlackFideId "491462"]
[WhiteElo "1825"]
[BlackElo "1969"]

1. f4 {[%clk 01:25:44]} {[%emt 00:05:16]} d5 {[%clk 01:30:34]} {[%emt
00:00:27]} 2. e3 {[%clk 01:25:52]} {[%emt 00:00:21]} c5 {[%clk 01:29:32]}
{[%emt 00:01:32]} 3. Nf3 {[%clk 01:25:57]} {[%emt 00:00:25]} Nc6 {[%clk
01:29:01]} {[%emt 00:01:01]} 4. Bb5 {[%clk 01:25:45]} {[%emt 00:00:42]} g6
{[%clk 01:24:23]} {[%emt 00:05:08]} 5. Ne5 {[%clk 01:25:41]} {[%emt 00:00:34]}
Qc7 {[%clk 01:24:33]} {[%emt 00:00:20]} 6. Bxc6+ {[%clk 01:23:41]} {[%emt
00:02:31]} bxc6 {[%clk 01:24:56]} {[%emt 00:00:06]} 7. b3 {[%clk 01:24:05]}
{[%emt 00:00:06]} Bg7 {[%clk 01:24:08]} {[%emt 00:01:18]} 8. Bb2 {[%clk
01:24:33]} {[%emt 00:00:03]} Ba6 {[%clk 01:22:24]} {[%emt 00:02:14]} 9. d3
{[%clk 01:25:00]} {[%emt 00:00:03]} Nf6 {[%clk 01:22:36]} {[%emt 00:00:17]} 10.
Nd2 {[%clk 01:24:14]} {[%emt 00:01:15]} Rd8 {[%clk 01:17:01]} {[%emt 00:06:07]}
11. O-O {[%clk 01:22:41]} {[%emt 00:02:03]} O-O {[%clk 01:17:02]} {[%emt
00:00:28]} 12. Qe1 {[%clk 01:18:01]} {[%emt 00:05:03]} d4 {[%clk 01:01:38]}
{[%emt 00:16:01]} 13. e4 {[%clk 01:17:54]} {[%emt 00:00:35]} Nh5 {[%clk
00:59:20]} {[%emt 00:02:49]} 14. Qh4 {[%clk 01:08:18]} {[%emt 00:10:07]} Bxe5
{[%clk 00:51:28]} {[%emt 00:08:22]} 15. fxe5 {[%clk 01:07:28]} {[%emt
00:01:21]} Qxe5 {[%clk 00:50:51]} {[%emt 00:01:06]} 16. Rf2 {[%clk 00:56:23]}
{[%emt 00:11:35]} Nf6 {[%clk 00:46:04]} {[%emt 00:05:17]} 17. Raf1 {[%clk
00:53:44]} {[%emt 00:03:08]} Rb8 {[%clk 00:35:55]} {[%emt 00:10:39]} 18. Nf3
{[%clk 00:49:56]} {[%emt 00:04:19]} Qh5 {[%clk 00:35:53]} {[%emt 00:00:32]} 19.
Qxh5 {[%clk 00:50:11]} {[%emt 00:00:16]} gxh5 {[%clk 00:33:28]} {[%emt
00:02:54]} 20. Ne5 {[%clk 00:44:28]} {[%emt 00:06:12]} Ng4 {[%clk 00:30:55]}
{[%emt 00:03:04]} 21. Nxg4 {[%clk 00:43:18]} {[%emt 00:01:40]} hxg4 {[%clk
00:31:21]} {[%emt 00:00:05]} 22. Rf5 {[%clk 00:42:52]} {[%emt 00:00:55]} f6
{[%clk 00:23:25]} {[%emt 00:08:25]} 23. Rxc5 {[%clk 00:40:22]} {[%emt
00:03:00]} e5 {[%clk 00:23:40]} {[%emt 00:00:16]} 24. Rxc6 {[%clk 00:39:49]}
{[%emt 00:01:04]} Rb6 {[%clk 00:24:02]} {[%emt 00:00:08]} 25. Rc5 {[%clk
00:27:08]} {[%emt 00:13:09]} Rc8 {[%clk 00:22:29]} {[%emt 00:02:04]} 26. Rxc8+
{[%clk 00:26:53]} {[%emt 00:00:46]} Bxc8 {[%clk 00:22:54]} {[%emt 00:00:04]} 27.
Kf2 {[%clk 00:26:40]} {[%emt 00:00:43]} Kf7 {[%clk 00:20:29]} {[%emt 00:02:55]}
28. Ke2 {[%clk 00:26:38]} {[%emt 00:00:32]} h5 {[%clk 00:20:08]} {[%emt
00:00:52]} 29. Kd2 {[%clk 00:26:45]} {[%emt 00:00:22]} Kg6 {[%clk 00:20:05]}
{[%emt 00:00:33]} 30. a4 {[%clk 00:26:51]} {[%emt 00:00:24]} a5 {[%clk
00:15:20]} {[%emt 00:05:15]} 31. Ba3 {[%clk 00:27:02]} {[%emt 00:00:19]} Be6
{[%clk 00:14:47]} {[%emt 00:01:02]} 32. Be7 {[%clk 00:26:12]} {[%emt 00:01:15]}
Bd7 {[%clk 00:12:17]} {[%emt 00:03:06]} 33. Kc1 {[%clk 00:22:33]} {[%emt
00:04:03]} h4 {[%clk 00:11:57]} {[%emt 00:00:55]} 34. g3 {[%clk 00:22:36]}
{[%emt 00:00:28]} h3 {[%clk 00:09:39]} {[%emt 00:02:48]} 35. Bd8 {[%clk
00:19:13]} {[%emt 00:03:54]} Ra6 {[%clk 00:10:01]} {[%emt 00:00:07]} 36. Kb2
{[%clk 00:18:30]} {[%emt 00:01:12]} Be8 {[%clk 00:08:51]} {[%emt 00:01:41]} 37.
Be7 {[%clk 00:17:24]} {[%emt 00:01:35]} Kf7 {[%clk 00:08:52]} {[%emt 00:00:29]}
38. Ba3 {[%clk 00:17:40]} {[%emt 00:00:14]} Bd7 {[%clk 00:08:24]} {[%emt
00:00:59]} 39. Rf2 {[%clk 00:17:57]} {[%emt 00:00:13]} Be6 {[%clk 00:08:22]}
{[%emt 00:00:32]} 40. Bc5 {[%clk 00:17:43]} {[%emt 00:00:43]} Kg6 {[%clk
00:07:13]} {[%emt 00:01:40]} 41. Ka3 {[%clk 00:17:53]} {[%emt 00:00:19]} Bd7
{[%clk 00:07:26]} {[%emt 00:00:17]} 42. Be7 {[%clk 00:16:35]} {[%emt 00:01:49]}
Kf7 {[%clk 00:04:49]} {[%emt 00:03:07]} 43. Bc5 {[%clk 00:15:36]} {[%emt
00:01:24]} Ke6 {[%clk 00:04:13]} {[%emt 00:01:11]} 44. Kb2 {[%clk 00:13:10]}
{[%emt 00:02:56]} Kf7 {[%clk 00:03:29]} {[%emt 00:01:14]} 45. c3 {[%clk
00:08:09]} {[%emt 00:05:31]} dxc3+ {[%clk 00:03:44]} {[%emt 00:00:15]} 46. Kxc3
{[%clk 00:08:38]} {[%emt 00:00:01]} Bc6 {[%clk 00:02:28]} {[%emt 00:01:47]} 47.
Rf5 {[%clk 00:08:06]} {[%emt 00:01:02]} Kg6 {[%clk 00:02:19]} {[%emt 00:00:38]}
48. Rf2 {[%clk 00:07:21]} {[%emt 00:01:12]} Kf7 {[%clk 00:02:26]} {[%emt
00:00:26]} 49. Re2 {[%clk 00:06:49]} {[%emt 00:01:02]} Ra8 {[%clk 00:02:43]}
{[%emt 00:00:13]} 50. d4 {[%clk 00:06:16]} {[%emt 00:01:03]} exd4+ {[%clk
00:03:03]} {[%emt 00:00:10]} 51. Bxd4 {[%clk 00:05:22]} {[%emt 00:01:22]} Rc8
{[%clk 00:02:56]} {[%emt 00:00:39]} 52. Kb2 {[%clk 00:04:22]} {[%emt 00:01:29]}
Rb8 {[%clk 00:02:21]} {[%emt 00:01:06]} 53. Ka3 {[%clk 00:04:31]} {[%emt
00:00:20]} Re8 {[%clk 00:01:42]} {[%emt 00:01:10]} 54. Bc3 {[%clk 00:04:14]}
{[%emt 00:00:46]} Bxe4 {[%clk 00:01:04]} {[%emt 00:01:09]} 55. Bxa5 {[%clk
00:04:19]} {[%emt 00:00:25]} f5 {[%clk 00:01:26]} {[%emt 00:00:08]} 56. Bc7
{[%clk 00:04:03]} {[%emt 00:00:46]} Rc8 {[%clk 00:01:22]} {[%emt 00:00:32]} 57.
Bf4 {[%clk 00:04:20]} {[%emt 00:00:13]} Ke6 {[%clk 00:01:29]} {[%emt 00:00:25]}
58. Rd2 {[%clk 00:04:11]} {[%emt 00:00:37]} Rc3 {[%clk 00:01:43]} {[%emt
00:00:18]} 59. Kb4 {[%clk 00:04:16]} {[%emt 00:00:24]} Rf3 {[%clk 00:01:55]}
{[%emt 00:00:18]} 60. a5 {[%clk 00:04:20]} {[%emt 00:00:27]} Rxf4 {[%clk
00:00:53]} {[%emt 00:01:32]} 61. gxf4 {[%clk 00:04:24]} {[%emt 00:00:26]} g3
{[%clk 00:00:57]} {[%emt 00:00:26]} 62. Re2 {[%clk 00:01:48]} {[%emt 00:03:06]}
Kd6 {[%clk 00:00:52]} {[%emt 00:00:35]} 63. Kc3 {[%clk 00:01:37]} {[%emt
00:00:41]} Bg2 {[%clk 00:00:52]} {[%emt 00:00:30]} 64. hxg3 {[%clk 00:00:43]}
{[%emt 00:01:24]} h2 {[%clk 00:01:17]} {[%emt 00:00:05]} 65. Re1 {[%clk
00:00:45]} {[%emt 00:00:28]} h1=Q {[%clk 00:01:26]} {[%emt 00:00:21]} 66. Rxh1
{[%clk 00:01:14]} {[%emt 00:00:01]} Bxh1 {[%clk 00:01:47]} {[%emt 00:00:09]} 67.
Kd4 {[%clk 00:01:40]} {[%emt 00:00:04]} Bf3 {[%clk 00:01:53]} {[%emt 00:00:22]}
68. Kc4 {[%clk 00:01:26]} {[%emt 00:00:44]} Kc6 {[%clk 00:01:08]} {[%emt
00:01:17]} 69. Kb4 {[%clk 00:01:53]} {[%emt 00:00:03]} Be2 {[%clk 00:01:12]}
{[%emt 00:00:26]} 70. Ka4 {[%clk 00:01:33]} {[%emt 00:00:50]} Kc5 {[%clk
00:01:13]} {[%emt 00:00:28]} 71. b4+ {[%clk 00:01:46]} {[%emt 00:00:18]} Kc6
{[%clk 00:01:36]} {[%emt 00:00:08]} 72. Kb3 {[%clk 00:01:30]} {[%emt 00:00:39]}
Bb5 {[%clk 00:00:51]} {[%emt 00:01:21]} 73. Kb2 {[%clk 00:01:13]} {[%emt
00:00:47]} Kd5 {[%clk 00:01:15]} {[%emt 00:00:06]} 74. Kb3 {[%clk 00:01:23]}
{[%emt 00:00:19]} Ke4 {[%clk 00:00:55]} {[%emt 00:00:51]} 75. Kc3 {[%clk
00:01:45]} {[%emt 00:00:08]} Kd5 {[%clk 00:00:53]} {[%emt 00:00:32]} 76. Kd2
{[%clk 00:00:33]} {[%emt 00:01:42]} Kd4 {[%clk 00:00:56]} {[%emt 00:00:27]} 77.
Kc2 {[%clk 00:01:02]} {[%emt 00:00:02]} Kc4 {[%clk 00:00:40]} {[%emt 00:00:46]}
78. Kd2 {[%clk 00:01:29]} {[%emt 00:00:02]} Kd4 {[%clk 00:00:42]} {[%emt
00:00:29]} 79. Kc2 {[%clk 00:01:55]} {[%emt 00:00:02]} Ba4+ {[%clk 00:01:01]}
{[%emt 00:00:13]} 80. Kd2 {[%clk 00:02:17]} {[%emt 00:00:07]} Bb5 {[%clk
00:01:19]} {[%emt 00:00:12]} 81. Kc2 {[%clk 00:02:30]} {[%emt 00:00:16]} Ba6
{[%clk 00:00:45]} {[%emt 00:01:06]} 82. Kd2 {[%clk 00:02:53]} {[%emt 00:00:06]}
Bb5 {[%clk 00:00:45]} {[%emt 00:00:30]} 83. Kc2 {[%clk 00:03:16]} {[%emt
00:00:07]} Ke4 {[%clk 00:01:03]} {[%emt 00:00:12]} 84. Kc3 {[%clk 00:03:27]}
{[%emt 00:00:20]} Ba6 {[%clk 00:01:02]} {[%emt 00:00:31]} 85. Kd2 {[%clk
00:03:31]} {[%emt 00:00:24]} Kd4 {[%clk 00:00:39]} {[%emt 00:00:55]} 86. Kc2
{[%clk 00:03:51]} {[%emt 00:00:10]} Bb5 {[%clk 00:00:40]} {[%emt 00:00:29]} 87.
Kd2 {[%clk 00:04:16]} {[%emt 00:00:05]} Ba6 {[%clk 00:01:07]} {[%emt 00:00:03]}
88. Kc2 {[%clk 00:04:35]} {[%emt 00:00:09]} Ke4 {[%clk 00:01:28]} {[%emt
00:10:17]} 89. Kc3 {[%clk 00:04:26]} {[%emt 00:00:39]} Ke3 {[%clk 00:01:06]}
{[%emt 00:00:52]} 90. Kc2 {[%clk 00:04:21]} {[%emt 00:00:35]} Kf3 {[%clk
00:00:54]} {[%emt 00:00:43]} 91. Kc3 {[%clk 00:04:30]} {[%emt 00:00:21]} Kxg3
{[%clk 00:00:54]} {[%emt 00:00:29]} 92. Kd4 {[%clk 00:04:53]} {[%emt 00:00:07]}
Kxf4 {[%clk 00:01:20]} {[%emt 00:00:05]} 93. Kc5 {[%clk 00:05:10]} {[%emt
00:00:12]} Ke5 {[%clk 00:01:28]} {[%emt 00:00:21]} 94. b5 {[%clk 00:05:33]}
{[%emt 00:00:08]} Bxb5 {[%clk 00:01:41]} {[%emt 00:00:18]} 95. Kxb5 {[%clk
00:05:53]} {[%emt 00:00:09]} f4 {[%clk 00:02:06]} {[%emt 00:00:05]} 96. a6
{[%clk 00:06:17]} {[%emt 00:00:06]} f3 {[%clk 00:02:21]} {[%emt 00:00:14]} 97.
a7 {[%clk 00:06:41]} {[%emt 00:00:07]} f2 {[%clk 00:02:43]} {[%emt 00:00:08]}
98. a8=Q {[%clk 00:07:00]} {[%emt 00:00:11]} f1=Q+ {[%clk 00:03:07]} {[%emt
00:00:07]} 99. Kb6 {[%clk 00:07:08]} {[%emt 00:00:22]} 1/2-1/2

[Event "English Open Championship 2024"]
[Site "Holiday Inn, 212 Abbey End, Kenilworth CV8 1ED, United Kingdom"]
[Date "2024.06.22"]
[Round "5.32"]
[White "Honey, Luke"]
[Black "De Coverly, Roger D"]
[Result "1-0"]
[TimeControl "G90 + 30secs/move"]
[WhiteFideId "343403425"]
[BlackFideId "405213"]
[WhiteElo "2040"]
[BlackElo "1923"]

1. e4 {[%clk 01:30:55]} {[%emt 00:00:03]} e5 {[%clk 01:30:54]} {[%emt
00:00:06]} 2. Nf3 {[%clk 01:31:19]} {[%emt 00:00:07]} Nc6 {[%clk 01:31:20]}
{[%emt 00:00:05]} 3. d4 {[%clk 01:31:43]} {[%emt 00:00:05]} exd4 {[%clk
01:31:45]} {[%emt 00:00:05]} 4. Bc4 {[%clk 01:32:08]} {[%emt 00:00:06]} Nf6
{[%clk 01:31:59]} {[%emt 00:00:16]} 5. e5 {[%clk 01:32:32]} {[%emt 00:00:05]}
d5 {[%clk 01:32:02]} {[%emt 00:00:27]} 6. Bb5 {[%clk 01:32:56]} {[%emt
00:00:06]} Ne4 {[%clk 01:32:25]} {[%emt 00:00:07]} 7. Nxd4 {[%clk 01:33:19]}
{[%emt 00:00:07]} Bd7 {[%clk 01:32:43]} {[%emt 00:00:12]} 8. Bxc6 {[%clk
01:33:42]} {[%emt 00:00:07]} bxc6 {[%clk 01:33:08]} {[%emt 00:00:06]} 9. O-O
{[%clk 01:34:05]} {[%emt 00:00:06]} Bc5 {[%clk 01:32:55]} {[%emt 00:00:43]} 10.
f3 {[%clk 01:34:26]} {[%emt 00:00:08]} Ng5 {[%clk 01:33:14]} {[%emt 00:00:12]}
11. f4 {[%clk 01:34:52]} {[%emt 00:00:05]} Ne4 {[%clk 01:33:00]} {[%emt
00:00:43]} 12. Be3 {[%clk 01:35:15]} {[%emt 00:00:07]} Qe7 {[%clk 01:30:21]}
{[%emt 00:03:08]} 13. Nd2 {[%clk 01:35:12]} {[%emt 00:00:33]} Nxd2 {[%clk
01:28:27]} {[%emt 00:02:25]} 14. Qxd2 {[%clk 01:35:34]} {[%emt 00:00:08]} O-O
{[%clk 01:28:09]} {[%emt 00:00:48]} 15. Nb3 {[%clk 01:34:33]} {[%emt 00:01:31]}
Bxe3+ {[%clk 01:25:28]} {[%emt 00:03:11]} 16. Qxe3 {[%clk 01:34:53]} {[%emt
00:00:10]} f6 {[%clk 01:25:04]} {[%emt 00:00:54]} 17. Rae1 {[%clk 01:33:34]}
{[%emt 00:01:48]} fxe5 {[%clk 01:23:55]} {[%emt 00:01:40]} 18. fxe5 {[%clk
01:33:40]} {[%emt 00:00:23]} Rxf1+ {[%clk 01:22:26]} {[%emt 00:01:59]} 19. Rxf1
{[%clk 01:33:47]} {[%emt 00:00:24]} a5 {[%clk 01:20:33]} {[%emt 00:02:23]} 20.
Nc5 {[%clk 01:27:47]} {[%emt 00:06:29]} Be6 {[%clk 01:17:05]} {[%emt 00:03:59]}
21. c3 {[%clk 01:24:01]} {[%emt 00:04:15]} a4 {[%clk 01:06:09]} {[%emt
00:11:27]} 22. b4 {[%clk 01:14:25]} {[%emt 00:10:06]} axb3 {[%clk 00:58:57]}
{[%emt 00:07:42]} 23. axb3 {[%clk 01:14:43]} {[%emt 00:00:11]} Qe8 {[%clk
00:55:44]} {[%emt 00:03:44]} 24. Qg3 {[%clk 01:09:47]} {[%emt 00:05:25]} Qe7
{[%clk 00:47:21]} {[%emt 00:08:54]} 25. b4 {[%clk 01:09:03]} {[%emt 00:01:14]}
h6 {[%clk 00:46:50]} {[%emt 00:01:00]} 26. h3 {[%clk 01:05:54]} {[%emt
00:03:39]} Re8 {[%clk 00:45:30]} {[%emt 00:01:51]} 27. Rf6 {[%clk 00:59:21]}
{[%emt 00:07:02]} Bf7 {[%clk 00:40:22]} {[%emt 00:05:37]} 28. Rxc6 {[%clk
00:57:06]} {[%emt 00:02:47]} Qxe5 {[%clk 00:38:43]} {[%emt 00:02:09]} 29. Qxe5
{[%clk 00:57:22]} {[%emt 00:00:14]} Rxe5 {[%clk 00:39:07]} {[%emt 00:00:06]} 30.
Rxc7 {[%clk 00:57:42]} {[%emt 00:00:11]} Re1+ {[%clk 00:34:53]} {[%emt
00:04:43]} 31. Kh2 {[%clk 00:57:38]} {[%emt 00:00:33]} Rc1 {[%clk 00:34:29]}
{[%emt 00:00:55]} 32. Nb3 {[%clk 00:57:20]} {[%emt 00:00:49]} Rb1 {[%clk
00:33:37]} {[%emt 00:01:21]} 33. Nd4 {[%clk 00:57:12]} {[%emt 00:00:38]} Rb2
{[%clk 00:30:22]} {[%emt 00:03:45]} 34. Re7 {[%clk 00:54:45]} {[%emt 00:02:56]}
Bg6 {[%clk 00:28:15]} {[%emt 00:02:38]} 35. Re2 {[%clk 00:54:07]} {[%emt
00:01:06]} Rb1 {[%clk 00:28:00]} {[%emt 00:00:46]} 36. Kg3 {[%clk 00:50:41]}
{[%emt 00:03:56]} Bd3 {[%clk 00:23:48]} {[%emt 00:04:42]} 37. Re3 {[%clk
00:48:29]} {[%emt 00:02:43]} Bf1 {[%clk 00:19:13]} {[%emt 00:05:05]} 38. Kf2
{[%clk 00:46:48]} {[%emt 00:02:10]} Bc4 {[%clk 00:19:16]} {[%emt 00:00:28]} 39.
g4 {[%clk 00:45:53]} {[%emt 00:01:24]} Kf7 {[%clk 00:17:58]} {[%emt 00:01:49]}
40. Kg3 {[%clk 00:39:34]} {[%emt 00:06:49]} Kf6 {[%clk 00:15:27]} {[%emt
00:03:01]} 41. Nf3 {[%clk 00:34:57]} {[%emt 00:05:06]} Rb2 {[%clk 00:13:21]}
{[%emt 00:02:37]} 42. h4 {[%clk 00:34:08]} {[%emt 00:01:19]} Bf1 {[%clk
00:11:35]} {[%emt 00:02:16]} 43. Kf4 {[%clk 00:33:01]} {[%emt 00:01:36]} Rf2
{[%clk 00:10:12]} {[%emt 00:01:53]} 44. g5+ {[%clk 00:32:45]} {[%emt 00:00:47]}
hxg5+ {[%clk 00:10:17]} {[%emt 00:00:24]} 45. hxg5+ {[%clk 00:33:10]} {[%emt
00:00:05]} Kg6 {[%clk 00:09:31]} {[%emt 00:01:17]} 46. Ke5 {[%clk 00:20:52]}
{[%emt 00:12:48]} Bg2 {[%clk 00:09:37]} {[%emt 00:00:24]} 47. Nh4+ {[%clk
00:19:52]} {[%emt 00:01:30]} Kxg5 {[%clk 00:08:48]} {[%emt 00:01:19]} 48. Nxg2
{[%clk 00:20:17]} {[%emt 00:00:05]} Rxg2 {[%clk 00:09:09]} {[%emt 00:00:08]} 49.
Kxd5 {[%clk 00:20:41]} {[%emt 00:00:07]} Kf4 {[%clk 00:08:54]} {[%emt
00:00:45]} 50. Re4+ {[%clk 00:20:42]} {[%emt 00:00:29]} Kf3 {[%clk 00:07:57]}
{[%emt 00:01:27]} 51. b5 {[%clk 00:20:14]} {[%emt 00:00:58]} g5 {[%clk
00:07:24]} {[%emt 00:01:03]} 52. b6 {[%clk 00:19:59]} {[%emt 00:00:46]} Rb2
{[%clk 00:04:09]} {[%emt 00:03:44]} 53. Rb4 {[%clk 00:18:47]} {[%emt 00:01:42]}
Rd2+ {[%clk 00:04:15]} {[%emt 00:00:24]} 54. Ke6 {[%clk 00:18:59]} {[%emt
00:00:17]} Rd8 {[%clk 00:04:02]} {[%emt 00:00:45]} 55. b7 {[%clk 00:17:09]}
{[%emt 00:02:20]} Rb8 {[%clk 00:04:13]} {[%emt 00:00:18]} 56. Kd7 {[%clk
00:17:18]} {[%emt 00:00:22]} g4 {[%clk 00:02:48]} {[%emt 00:01:54]} 57. Kc7
{[%clk 00:17:34]} {[%emt 00:00:14]} 1-0

[Event "English Open Championship 2024"]
[Site "Holiday Inn, 212 Abbey End, Kenilworth CV8 1ED, United Kingdom"]
[Date "2024.06.22"]
[Round "5.33"]
[White "Zhu, Pengxiao"]
[Black "Patel, Keatan"]
[Result "1/2-1/2"]
[TimeControl "G90 + 30secs/move"]
[WhiteFideId "499307"]
[BlackFideId "477613"]
[WhiteElo "2033"]
[BlackElo "1848"]

1. d4 {[%clk 01:30:53]} {[%emt 00:00:03]} d5 {[%clk 01:30:52]} {[%emt
00:00:12]} 2. c4 {[%clk 01:31:12]} {[%emt 00:00:11]} e6 {[%clk 01:31:18]}
{[%emt 00:00:03]} 3. Nc3 {[%clk 01:31:34]} {[%emt 00:00:08]} Nf6 {[%clk
01:31:45]} {[%emt 00:00:03]} 4. cxd5 {[%clk 01:31:58]} {[%emt 00:00:07]} exd5
{[%clk 01:32:03]} {[%emt 00:00:12]} 5. Bg5 {[%clk 01:32:17]} {[%emt 00:00:10]}
c6 {[%clk 01:32:27]} {[%emt 00:00:06]} 6. e3 {[%clk 01:32:42]} {[%emt
00:00:06]} Be7 {[%clk 01:32:04]} {[%emt 00:00:52]} 7. Bd3 {[%clk 01:33:04]}
{[%emt 00:00:07]} O-O {[%clk 01:30:58]} {[%emt 00:01:37]} 8. Qc2 {[%clk
01:33:15]} {[%emt 00:00:19]} Nbd7 {[%clk 01:30:59]} {[%emt 00:00:29]} 9. Nge2
{[%clk 01:32:34]} {[%emt 00:01:10]} Re8 {[%clk 01:30:57]} {[%emt 00:00:33]} 10.
O-O {[%clk 01:32:48]} {[%emt 00:00:14]} Nf8 {[%clk 01:31:10]} {[%emt 00:00:19]}
11. f3 {[%clk 01:29:34]} {[%emt 00:03:44]} Ng6 {[%clk 01:27:15]} {[%emt
00:04:25]} 12. e4 {[%clk 01:29:04]} {[%emt 00:01:01]} dxe4 {[%clk 01:26:17]}
{[%emt 00:01:28]} 13. fxe4 {[%clk 01:29:02]} {[%emt 00:00:32]} Be6 {[%clk
01:25:16]} {[%emt 00:01:31]} 14. e5 {[%clk 01:21:03]} {[%emt 00:08:28]} Nd5
{[%clk 01:05:22]} {[%emt 00:20:25]} 15. Bxe7 {[%clk 01:13:32]} {[%emt
00:08:00]} Qxe7 {[%clk 01:04:08]} {[%emt 00:01:43]} 16. Nxd5 {[%clk 01:12:27]}
{[%emt 00:01:36]} Bxd5 {[%clk 01:03:58]} {[%emt 00:00:40]} 17. Nc3 {[%clk
01:12:04]} {[%emt 00:00:53]} Qh4 {[%clk 00:45:27]} {[%emt 00:19:00]} 18. Be4
{[%clk 01:00:00]} {[%emt 00:12:35]} Bxe4 {[%clk 00:35:34]} {[%emt 00:10:23]} 19.
Nxe4 {[%clk 00:56:17]} {[%emt 00:04:13]} c5 {[%clk 00:33:35]} {[%emt 00:02:28]}
20. Rxf7 {[%clk 00:24:18]} {[%emt 00:32:31]} Nxe5 {[%clk 00:24:14]} {[%emt
00:09:51]} 21. dxe5 {[%clk 00:05:55]} {[%emt 00:18:52]} Rxe5 {[%clk 00:24:30]}
{[%emt 00:00:15]} 22. Qb3 {[%clk 00:05:49]} {[%emt 00:00:36]} Qxe4 {[%clk
00:23:50]} {[%emt 00:01:09]} 23. Rxb7+ {[%clk 00:04:29]} {[%emt 00:01:51]} c4
{[%clk 00:19:59]} {[%emt 00:04:21]} 24. Qg3 {[%clk 00:01:45]} {[%emt 00:03:12]}
Qxb7 {[%clk 00:13:34]} {[%emt 00:06:56]} 25. Qxe5 {[%clk 00:02:07]} {[%emt
00:00:08]} Rd8 {[%clk 00:09:53]} {[%emt 00:04:10]} 26. Rf1 {[%clk 00:01:08]}
{[%emt 00:01:30]} Qd5 {[%clk 00:08:25]} {[%emt 00:01:58]} 27. Qe7 {[%clk
00:00:56]} {[%emt 00:00:42]} Qd4+ {[%clk 00:07:47]} {[%emt 00:01:08]} 28. Kh1
{[%clk 00:01:15]} {[%emt 00:00:11]} h6 {[%clk 00:07:48]} {[%emt 00:00:29]} 29.
h3 {[%clk 00:01:34]} {[%emt 00:00:11]} Rb8 {[%clk 00:06:10]} {[%emt 00:02:08]}
30. Qe6+ {[%clk 00:00:43]} {[%emt 00:01:22]} Kh8 {[%clk 00:06:27]} {[%emt
00:00:12]} 31. a4 {[%clk 00:00:38]} {[%emt 00:00:35]} Qxb2 {[%clk 00:05:34]}
{[%emt 00:01:23]} 32. Qxc4 {[%clk 00:00:59]} {[%emt 00:00:09]} Qb4 {[%clk
00:05:38]} {[%emt 00:00:26]} 33. Qc6 {[%clk 00:01:08]} {[%emt 00:00:20]} Rf8
{[%clk 00:05:52]} {[%emt 00:00:17]} 34. Rd1 {[%clk 00:01:05]} {[%emt 00:00:33]}
Qb3 {[%clk 00:05:43]} {[%emt 00:00:38]} 35. Qd7 {[%clk 00:01:24]} {[%emt
00:00:13]} a5 {[%clk 00:05:07]} {[%emt 00:01:06]} 36. Qd4 {[%clk 00:01:26]}
{[%emt 00:00:27]} Qc2 {[%clk 00:04:52]} {[%emt 00:00:45]} 37. Re1 {[%clk
00:01:39]} {[%emt 00:00:16]} Qf5 {[%clk 00:04:27]} {[%emt 00:00:56]} 38. Qe5
{[%clk 00:01:46]} {[%emt 00:00:23]} Qd3 {[%clk 00:04:17]} {[%emt 00:00:40]} 39.
Qxa5 {[%clk 00:01:32]} {[%emt 00:00:44]} Rf1+ {[%clk 00:04:40]} {[%emt
00:00:07]} 40. Rxf1 {[%clk 00:01:54]} {[%emt 00:00:08]} Qxf1+ {[%clk 00:05:06]}
{[%emt 00:00:04]} 41. Kh2 {[%clk 00:02:18]} {[%emt 00:00:06]} Qf4+ {[%clk
00:05:24]} {[%emt 00:00:11]} 42. Kg1 {[%clk 00:02:38]} {[%emt 00:00:11]} Qe3+
{[%clk 00:04:39]} {[%emt 00:01:14]} 43. Kf1 {[%clk 00:02:37]} {[%emt 00:00:32]}
Qd3+ {[%clk 00:05:00]} {[%emt 00:00:10]} 44. Kf2 {[%clk 00:02:42]} {[%emt
00:00:24]} Qd4+ {[%clk 00:04:25]} {[%emt 00:01:04]} 45. Kf3 {[%clk 00:02:21]}
{[%emt 00:00:52]} Qd3+ {[%clk 00:04:38]} {[%emt 00:00:18]} 46. Kf4 {[%clk
00:02:12]} {[%emt 00:00:39]} Qd4+ {[%clk 00:04:32]} {[%emt 00:00:35]} 47. Kf5
{[%clk 00:01:18]} {[%emt 00:01:23]} Qd7+ {[%clk 00:03:42]} {[%emt 00:01:21]} 48.
Ke5 {[%clk 00:01:18]} {[%emt 00:00:29]} Qe7+ {[%clk 00:03:49]} {[%emt
00:00:24]} 49. Kd4 {[%clk 00:01:39]} {[%emt 00:00:08]} Qh4+ {[%clk 00:03:41]}
{[%emt 00:00:39]} 50. Kc5 {[%clk 00:00:41]} {[%emt 00:01:29]} Qg5+ {[%clk
00:03:19]} {[%emt 00:00:51]} 51. Kb4 {[%clk 00:00:57]} {[%emt 00:00:14]} Qf4+
{[%clk 00:03:13]} {[%emt 00:00:36]} 52. Kb3 {[%clk 00:01:19]} {[%emt 00:00:08]}
Qf7+ {[%clk 00:03:12]} {[%emt 00:00:31]} 53. Ka3 {[%clk 00:01:28]} {[%emt
00:00:21]} Qe7+ {[%clk 00:03:03]} {[%emt 00:00:39]} 54. Kb3 {[%clk 00:01:41]}
{[%emt 00:00:17]} Qe6+ {[%clk 00:03:03]} {[%emt 00:00:30]} 55. Kb4 {[%clk
00:01:47]} {[%emt 00:00:24]} Qe4+ {[%clk 00:03:17]} {[%emt 00:00:16]} 56. Kb5
{[%clk 00:02:11]} {[%emt 00:00:07]} Qd5+ {[%clk 00:03:18]} {[%emt 00:00:28]} 57.
Ka6 {[%clk 00:02:25]} {[%emt 00:00:16]} Qa8+ {[%clk 00:03:36]} {[%emt
00:00:12]} 1/2-1/2